Evolución del pensamiento filosófico (Record no. 57019)

MARC details
000 -LEADER
campo de control de longitud fija 00624nam a2200157 i 4500
001 - NÚMERO DE CONTROL
campo de control 57019
003 - IDENTIFICADOR DE NÚMERO DE CONTROL
campo de control ES-MaACL
007 - CAMPO FIJO DE DESCRIPCIÓN FÍSICA--INFORMACIÓN GENERAL
campo de control de longitud fija t|
008 - DATOS DE LONGITUD FIJA--INFORMACIÓN GENERAL
campo de control de longitud fija 031014m19421946sp ||||1| spa d
100 1# - ENTRADA PRINCIPAL--NOMBRE DE PERSONA
Nombre de persona Díez Blanco, Alejandro.
9 (RLIN) 44680
245 10 - MENCIÓN DEL TÍTULO
Título Evolución del pensamiento filosófico
Resto del título : de Thales de Mileto a Martin Heidegger : [Historia de la Filosofía Contemporánea, siglos XIX y XX] /
Mención de responsabilidad, etc. Alejandro Díez Blanco.
260 ## - PUBLICACIÓN, DISTRIBUCIÓN, ETC.
Lugar de publicación, distribución, etc. Santander :
Nombre del editor, distribuidor, etc. [s.n,
Fecha de publicación, distribución, etc. 1942-1946] (
Fabricante Aldus Artes Gráficas)
300 ## - DESCRIPCIÓN FÍSICA
Extensión 2 v. ;
Dimensiones 22 cm.
500 ## - NOTA GENERAL
Nota general El v. 2º aparece impreso en Valladolid, en la imprenta Castellana.
852 ## - LOCALIZACIÓN
Ubicación ES-MaACL
Número de control de estantería E-2147-48
Holdings
Estatus retirado Estado de pérdida Estado de daño No para préstamo Biblioteca de origen Biblioteca actual Ubicación en estantería Fecha de adquisición Fuente de adquisición Total de préstamos Signatura topográfica completa Código de barras Visto por última vez Precio de reemplazo Tipo de ítem Koha
        Biblioteca del Ateneo de Madrid Biblioteca del Ateneo de Madrid Depósito 2 17/01/2008     E-2147-48 1059873 23/02/2023 23/02/2023 Libro impreso